Biographical dictionary of Rocky Mountain naturalists : a guide to the writings and collections of botanists, zoologists, geologists, artists, and photographers, 1682-1932 /

Bibliographic Details
Main Author: Ewan, Joseph, 1909-1999
Other Authors: Ewan, Nesta
Format: Book
Language:English
Published: Utrecht : The Hague ; Boston : Bohn, Scheltema & Holkema ; Dr. W. Junk ; 1981.
Series:Regnum vegetabile ; v. 107.
Subjects:

MARC

Tag First Indicator Second Indicator Subfields
LEADER 00000cam a22000008a 4500
001 in00000071236
005 20151008062123.0
008 810729s1981 ne b 00010ceng
010 |a  81012258  
020 |a 9031304158 :  |c $48.00 
035 |a (OCoLC)07732502 
035 |9 AAJ9563AM 
039 0 |a 2  |b 3  |c 3  |d 3  |e 3 
040 |a DLC  |c DLC  |d TXA  |d UtOrBLW 
043 |a nr----- 
049 |a TXAM  |c [1672110] 
050 0 0 |a QK96  |b .R4 vol. 107  |a QH26 
082 0 |a 581/.012 s  |a 508.78  |2 19 
100 1 |a Ewan, Joseph,  |d 1909-1999. 
245 1 0 |a Biographical dictionary of Rocky Mountain naturalists :  |b a guide to the writings and collections of botanists, zoologists, geologists, artists, and photographers, 1682-1932 /  |c by Joseph and Nesta Dunn Ewan. 
263 |a 8110 
264 1 |a Utrecht :  |b Bohn, Scheltema & Holkema ;  |a The Hague ;  |a Boston :  |b Dr. W. Junk ;  |c 1981. 
264 2 |a Hingham, MA :  |b Distributor for the U.S. and Canada, Kluwer Boston, 
300 |a xvi, 253 pages ;  |c 25 cm. 
336 |a text  |b txt  |2 rdacontent 
337 |a unmediated  |b n  |2 rdamedia 
338 |a volume  |b nc  |2 rdacarrier 
490 1 |a Regnum vegetabile ;  |v v. 107 
504 |a Bibliography: pages 248-253. 
650 0 |a Naturalists  |z Rocky Mountains  |x Biography. 
700 1 |a Ewan, Nesta. 
830 0 |a Regnum vegetabile ;  |v v. 107. 
999 |a MARS 
999 f f |s 783773f7-6bc3-3a42-8535-5651ff2a1413  |i 21cbc25c-8e50-3cd3-8ed5-df5bf37f56a4  |t 0 
952 f f |p ric  |a Texas A&M University  |b Rellis Campus  |c Joint Library Facility  |d Remote Storage  |t 0  |e QK96 .R4 v.107  |h Library of Congress classification  |i unmediated -- volume  |m A14806218551 
998 f f |a QK96 .R4 v.107  |t 0  |l Remote Storage